01039cam a22002531 4500001001300000003000400013005001700017008004100034010001700075035002000092040005100112050001800163082001500181110003900196245012000235260005400355300003000409490003600439500013300475650003200608650003400640740004200674810006900716l 41000062 DLC20260227111537.0850129s1941 dcua f000 0 eng c al 41000062  a(OCoLC)11632776 aU.S. Dept. of Labor. Libr.cNAlA-MdOCoLCdDLC00aRD726.U5bA45 a362.7809731 aUnited States.bChildren's Bureau.10aServices for crippled children under the Social security act, title V, part 2;bdevelopment of program, 1936-39 ... aWashington, D.C.b[U.S. Govt. Print. Off.,c1941] av, 95 p.bdiagrs.c23 cm.1 aIts Bureau publicationvno. 258 aAt head of title: United States Department of Labor, Frances Perkins, secretary. Children's Bureau, Katharine F. Lenroot, chief. 0aChildren with disabilities. 0aChild welfarezUnited States.0 aSocial security act, title V, part 2.1 aUnited States.bChildren's Bureau.tBureau publicationvno. 258.